000 01068cad a22002535a 4500
001 L155140
008 120306s2012 xxk 000 0 eng d
035 _a(Sirsi) u155140
041 0 _aeng
110 2 _aBroll
_96026
245 0 4 _aThe annual broll property report
_bthe retail, office and industrial property markets
260 _a[S.I]
_bBroll
_c2012
490 0 _aBroll Annual Property Report
_v2011
520 _aProvides a comprehensive status report on the South African commercial property market including sectoral analysis for retail, office and industrial property. Of particular interest is the additional Sub-Saharan African property market overview covering Nigeria, Ghana, Malawi and Namibia.
590 _aKA NTK
651 4 _aSouth Africa
651 4 _aNigeria
651 4 _aGhana
651 4 _aMalawi
651 4 _aNamibia
690 _aCommercial property
_96227
856 4 0 _uhttps://www.cbre.co.uk/portal/page/portal/emea_en/research
_zView the report (type Broll in the keyword box and click on search) at www.cbre.co.uk
942 _n0
999 _c83826
_d83826